| 000 | 00432nam a2200121Ia 4500 | ||
|---|---|---|---|
| 008 | 160609s9999 xx 000 0 und d | ||
| 100 | _aAdams, David. | ||
| 245 | _aEffective Learning In The Life Sciences: How Students Can Achieve Their Full Potential | ||
| 245 | _cBy:David Adams | ||
| 260 | _c2011 | ||
| 650 | _xASSESSMENT OF STUDENT LEARNING 2 | ||
| 856 | _uhttp://file.ebook777.com/005/EffLeaInTheLifSciHowStuCanAchTheFulPot.pdf | ||
| 999 |
_c295864 _d295864 |
||